| 000 | 00665nam a2200205Ia 4500 | ||
|---|---|---|---|
| 003 | GCL | ||
| 008 | 140319s9999 xx 000 0 ara d | ||
| 040 |
_aGCL / _cGCL |
||
| 082 | 0 | 4 |
_a616.079 _bط ع |
| 100 | 1 | _aطارق صالح الزبيدى | |
| 245 | 1 | 0 |
_aعلم المناعة والمصول / _cطارق صالح الزبيدى |
| 250 | _aالاولى | ||
| 260 |
_aالاردن : _bدار اليازورى العلمية للنشر والتوزيع ، _c2005 |
||
| 300 |
_a676 ص ؛ _c24 سم |
||
| 650 | 0 | 4 | _aالايدز |
| 650 | 0 | 4 | _aالمناعة، علم |
| 650 | 0 | 4 | _aالمناعة، امراض |
| 650 | 0 | 4 | _aالامصال |
| 942 |
_2ddc _cBK |
||
| 999 |
_c49708 _d49708 |
||